Spider-Man: Far From Home (2019): Characters by Picture - Statistics

General Stats
  • This quiz has been taken 36 times
  • The average score is 14 of 22
Answer Stats
Picture Answer % Correct
Night Monkey
100%
Michelle Jones
96%
Mysterio
96%
Ned Leeds
92%
Nick Fury (Talos)
92%
May Parker
88%
Flash Thompson
84%
Happy Hogan
84%
Iron Man
84%
Maria Hill (Soren)
80%
J. Jonah Jameson
76%
Betty Brant
48%
Brad Davis
48%
Molten Man
48%
Sandman
48%
Hydro-Man
44%
Dimitri Smerdyakov
32%
Roger Harrington
32%
Julius Dell
28%
Jason Ionello
24%
William Ginter Riva
16%
Cyclone
12%
No matching quizzes found
Score Distribution
Percent of People with Each Score
Percentile by Number Answered
Your Score History
You have not taken this quiz